[Event "OP-2010-0-01322"]
[Site "LSS email"]
[Date "2010.11.24"]
[Round "?"]
[White "Paveto, Lucas"]
[Black "Baer, Werner"]
[Result "0-1"]
[WhiteElo "800"]
[BlackElo "1967"]
[PlyCount "32"]
[EventDate "2010.11.17"]
[EventType "tourn (corr)"]
[EventRounds "4"]
[EventCountry "GER"]
[SourceTitle "Corr 2015"]
[Source "ChessBase"]
[SourceDate "2015.07.17"]
[SourceVersion "1"]
[SourceVersionDate "2015.07.17"]
[SourceQuality "1"]

1. Nf3 Nf6 2. d4 d5 3. c4 e6 4. Nc3 Nc6 5. Bg5 Bb4 6. e3 h6 7. Bxf6 Qxf6 8. Bd3 dxc4 9. Bxc4 0-0 10. 0-0 Rd8 11. Qe2 Bxc3 12. bxc3 e5 13. Rad1 Bg4 14. h3 Bh5 15. g4 Bg6 16. Rfe1 e4 0-1